Методика выбора совокупности сегментов рынка образовательных услуг; Известия Томского политехнического университета [Известия ТПУ]; Т. 322, № 6 : Экономика. Философия, социология и культурология. История

Detalles Bibliográficos
Parent link:Известия Томского политехнического университета [Известия ТПУ]/ Томский политехнический университет (ТПУ).— , 2000-
Т. 322, № 6 : Экономика. Философия, социология и культурология. История.— 2013.— [С. 32-37]
Autor principal: Иванов К. И. Константин Игоревич
Sumario:Заглавие с титульного листа
Электронная версия печатной публикации
На основе предложенной математической модели стохастического программирования, а также группы показателей, применяемых при принятии управленческих решений в условиях неопределенности, рассмотрена методика выбора совокупности целевых сегментов для коммерческой организации, реализующей услуги дополнительного профессионального образования.
Lenguaje:ruso
Publicado: 2013
Colección:Экономика
Materias:
Acceso en línea:http://earchive.tpu.ru/bitstream/11683/4845/1/bulletin_tpu-2013-322-6-07.pdf
Formato: MixedMaterials Electrónico Capítulo de libro
KOHA link:https://koha.lib.tpu.ru/cgi-bin/koha/opac-detail.pl?biblionumber=241303

MARC

LEADER 00000nla2a2200000 4500
001 241303
005 20231031205926.0
035 |a (RuTPU)RU\TPU\book\262570 
035 |a RU\TPU\book\262569 
090 |a 241303 
100 |a 20130709d2013 k y0rusy50 ca 
101 0 |a rus 
102 |a RU 
135 |a drnn ---uucaa 
181 0 |a i  
182 0 |a b 
200 1 |a Методика выбора совокупности сегментов рынка образовательных услуг  |b Электронный ресурс  |f К. И. Иванов 
203 |a Текст  |c электронный 
215 |a 1 файл (214 Кб) 
225 1 |a Экономика 
230 |a Электронные текстовые данные (1 файл : 214 Кб) 
300 |a Заглавие с титульного листа 
300 |a Электронная версия печатной публикации 
320 |a [Библиогр.: с. 37 (5 назв.)] 
330 |a На основе предложенной математической модели стохастического программирования, а также группы показателей, применяемых при принятии управленческих решений в условиях неопределенности, рассмотрена методика выбора совокупности целевых сегментов для коммерческой организации, реализующей услуги дополнительного профессионального образования. 
337 |a Adobe Reader 
461 1 |0 (RuTPU)RU\TPU\book\176237  |t Известия Томского политехнического университета [Известия ТПУ]  |f Томский политехнический университет (ТПУ)  |d 2000- 
463 1 |0 (RuTPU)RU\TPU\book\262503  |x 1684-8519  |t Т. 322, № 6 : Экономика. Философия, социология и культурология. История  |v [С. 32-37]  |d 2013  |p 195 с. 
610 1 |a экономика 
610 1 |a рынок образовательных услуг 
610 1 |a целевые сегменты 
610 1 |a математические модели 
610 1 |a неопределенность 
610 1 |a конкуренция 
610 1 |a интенсивность 
610 1 |a управленческие решения 
610 1 |a принятие решений 
610 1 |a электронный ресурс 
700 1 |a Иванов  |b К. И.  |g Константин Игоревич 
801 1 |a RU  |b 63413507  |c 20090623  |g PSBO 
801 2 |a RU  |b 63413507  |c 20220204  |g PSBO 
856 4 |u http://earchive.tpu.ru/bitstream/11683/4845/1/bulletin_tpu-2013-322-6-07.pdf 
942 |c CF